Islāmī masāʼil. (Record no. 64975)

MARC details
000 -LEADER
fixed length control field 00584cam a22002291 4500
001 - CONTROL NUMBER
control field sa 65006986
003 - CONTROL NUMBER IDENTIFIER
control field DLC
005 - DATE AND TIME OF LATEST TRANSACTION
control field 20260227112146.0
008 - FIXED-LENGTH DATA ELEMENTS--GENERAL INFORMATION
fixed length control field 890912s1962 ii 000 0 urdr
010 ## - LIBRARY OF CONGRESS CONTROL NUMBER
LC control number sa 65006986
035 ## - SYSTEM CONTROL NUMBER
System control number (OCoLC)20328140
040 ## - CATALOGING SOURCE
Original cataloging agency DLC
Transcribing agency WaU
Modifying agency DLC
042 ## - AUTHENTICATION CODE
Authentication code premarc
050 00 - LIBRARY OF CONGRESS CALL NUMBER
Classification number HN40.M6
Item number A9 1962
100 1# - MAIN ENTRY--PERSONAL NAME
Personal name Āzād, Abūlkalām,
Dates associated with a name 1888-1958.
245 10 - TITLE STATEMENT
Title Islāmī masāʼil.
260 ## - PUBLICATION, DISTRIBUTION, ETC.
Place of publication, distribution, etc. Delhi,
Date of publication, distribution, etc. [1962?]
300 ## - PHYSICAL DESCRIPTION
Extent 128 p.
Dimensions 19 cm.
500 ## - GENERAL NOTE
General note In Urdu.
500 ## - GENERAL NOTE
General note Text partially vocalized.
650 #0 - SUBJECT ADDED ENTRY--TOPICAL TERM
Topical term or geographic name entry element Islam and social problems.

No items available.

Powered by Koha